Guess North American Railroads From Their Reporting Marks Quiz Stats

 Plays Quiz not verified by Sporcle

Score 0/200 Timer 20:00
0 Plays Today
Reporting Marks Railroad % Correct
BNBurlington Northern
92.3%
SOUSouthern Ry System
91.5%
ATSFAtchison, Topeka & Santa Fe
90.8%
NYCNew York Central
89.4%
PRRPennsylvania RR
89.4%
CNCanadian National
87.3%
SPSouthern Pacific
87.3%
NSNorfolk Southern
86.6%
CPCanadian Pacific
85.9%
UPUnion Pacific
85.9%
PCPenn Central Transportation Co.
84.5%
CSXTCSX Transportation
83.8%
ICIllinois Central
83.8%
BNSFBurlington Northern Santa Fe
83.1%
GNGreat Northern
83.1%
BOBaltimore & Ohio
81.7%
KCSKansas City Southern
81%
CBQChicago, Burlington & Quincy
80.3%
NWNorfolk and Western
79.6%
GTWGrand Trunk Western
78.9%
RDGReading Co
78.2%
DRGWDenver & Rio Grande Western
77.5%
SBDSeaboard System
77.5%
RIChicago, Rock Island & Pacific
76.8%
FECFlorida East Coast
76.1%
CNWChicago & North Western
75.4%
COChesapeake & Ohio
75.4%
CRConsolidated Rail Corp
75.4%
WPWestern Pacific
75.4%
SOOMinneapolis, St. Paul & Sault Ste. Marie
73.9%
NPNorthern Pacific
73.2%
MILWChicago, Milwaukee, St. Paul and Pacific
71.8%
NKPNew York, Chicago & St. Louis
71.1%
ACLAtlantic Coast Line
70.4%
BMBoston & Maine
69.7%
LVLehigh Valley
69.7%
MKTMissouri-Kansas-Texas
69%
ARRAlaska RR
68.3%
CILChicago Indianapolis & Louisville
68.3%
MPMissouri Pacific
67.6%
VGNVirginian Ry
67.6%
MONMonon RR
66.9%
ELErie Lackawanna
66.2%
WABWabash RR
65.5%
DHDelaware & Hudson
64.8%
IAISIowa Interstate
62.7%
NHNew York, New Haven & Hartford
62.7%
AAAnn Arbor
62%
GAGeorgia RR
62%
DLWDelaware, Lackawanna & Western
59.9%
LILong Island Rail Road
59.9%
SLSFSt Louis-San Francisco
59.9%
WCWisconsin Central
59.9%
GMOGulf, Mobile & Ohio
59.2%
ICGIllinois Central Gulf
58.5%
UTAHUtah Ry
58.5%
WMWestern Maryland
58.5%
INRDIndiana Rail Road Co
57.7%
SALSeaboard Air Line
57%
CGWChicago Great Western
56.3%
CVCentral Vermont
55.6%
PLEPittsburgh & Lake Erie
55.6%
CNJCentral R.R. Co. of New Jersey
54.9%
MECMaine Central
54.9%
GBWGreen Bay & Western
53.5%
NYSWNew York, Susquehanna and Western
53.5%
DMIRDuluth, Missabe & Iron Range
52.8%
Reporting Marks Railroad % Correct
LNLouisville & Nashville
52.8%
WLEWheeling & Lake Erie
52.1%
CGCentral of Georgia
50.7%
BARBangor and Aroostook
50%
PMPere Marquette
50%
EJEElgin, Joliet and Eastern
48.6%
ACYAkron, Canton & Youngstown
47.9%
SSWSt. Louis Southwestern
47.2%
SPSSpokane, Portland & Seattle
45.8%
KCTKansas City Terminal
44.4%
KYLEKyle RR
43.7%
QCQuebec Central
42.3%
BCOLBritish Columbia Ry. Co.
41.5%
INTInterstate
40.8%
BRCBelt Railway Company of Chicago
40.1%
CRRClinchfield
40.1%
PRSLPennsylvania-Reading Seashore Lines
40.1%
MSTLMinneapolis & St. Louis
39.4%
PICKPickens RR
38.7%
AOKArkansas-Oklahoma
38%
CEIChicago & Eastern Illinois
38%
IANRIowa Northern
36.6%
LNELehigh and New England
36.6%
VTRVermont Ry
36.6%
BABoston & Albany
35.9%
CIMChicago & Illinois Midland
35.9%
ITCIllinois Terminal
35.9%
FWDFort Worth & Denver
35.2%
PWVPittsburgh & West Virginia
35.2%
TPTexas & Pacific
35.2%
NWPNorthwestern Pacific
34.5%
PWProvidence and Worcester
34.5%
DMEDakota, Minnesota & Eastern
33.8%
RBMNReading Blue Mountain & Northern
32.4%
SERASierra RR
32.4%
PEPacific Electric
32.4%
CSColorado & Southern
31.7%
GWWRGateway Western
31.7%
MRSManufacturers Ry. Co.
31.7%
C&AChicago and Alton
31%
OKKTOklahoma, Kansas and Texas
31%
DTIDetroit, Toledo & Ironton
30.3%
TPWToledo, Peoria & Western
30.3%
GWWEGateway Eastern
29.6%
IMRLI&M Rail Link
26.8%
RFPRichmond, Fredricksburg & Potomac
26.8%
ARZCArizona & California
24.6%
BOCTBaltimore & Ohio Chicago Terminal
23.9%
KCMOKansas City, Mexico & Orient
23.9%
WWWinchester and Western
23.9%
YWYreka Western
23.9%
DWPDuluth, Winnipeg & Pacific
23.2%
PALPaducah & Louisville
23.2%
PPUPeoria & Pekin Union
23.2%
FXEFerrocarril Mexicano
22.5%
CSSChicago South Shore & South Bend
21.8%
LHRLehigh & Hudson River
21.8%
NECRNew England Central
21.8%
ASABAtlanta & Saint Andrews Bay
21.1%
CCChicago Central & Pacific
21.1%
QAPQuanah, Acme & Pacific
21.1%
ATWAtlantic & Western
20.4%
SCLSeaboard Coast Liner
20.4%
THBToronto, Hamilton & Buffalo
20.4%
PGEPacific Great Eastern
20.4%
FMRCFarmrail
19.7%
MPAMaryland & Pennsylvania
19.7%
Reporting Marks Railroad % Correct
TRTomahawk Ry
19.7%
LAJLos Angeles Junction
19%
IHRCIndiana Hi-Rail
18.3%
TRRATerminal R.R. Association of St. Louis
18.3%
CCRCorinth & Counce
17.6%
ELSEscanaba and Lake Superior
17.6%
MNSMinneapolis, Northfield and Southern
16.9%
EECEast Erie Commercial
16.2%
HNHutchinson and Northern
16.2%
KJRYKeokuk Junction
16.2%
TMTexas Mexican Ry
16.2%
ALSAlton & Southern
15.5%
CMOChicago, St Paul, Minneapolis & Omaha 'Omaha Road'
15.5%
CHTTChicago Heights Terminal Transfer
14.8%
KSWKansas Southwestern
14.8%
ANApalachicola Northern
14.1%
COERCrab Orchard & Egyptian
14.1%
COPCity of Prineville
14.1%
FDDMFort Dodge, Des Moines & Southern
13.4%
KOGKansas, Oklahoma & Gulf
13.4%
NARNorthern Alberta
13.4%
APAApache Ry. Co.
12.7%
BRWBlack River and Western
12.7%
NENENebraska Northeastern
12.7%
SEKRSoutheast Kansas
12.7%
LALouisiana & Arkansas
12%
CHPFerrocarril del Chihuahua Al Pacifico
11.3%
TSUTulsa-Sapulpa Union
11.3%
MSRCMidSouth Rail Corp
10.6%
BVRYBrandywine Valley
9.9%
CBNSCape Breton & Central Nova Scotia
9.9%
MNAMissouri & Northern Arkansas
9.9%
SKOLSouth Kansas & Oklahoma
9.9%
TCWRTwin Cities & Western
9.9%
BMLBelfast and Moosehead Lake
9.2%
OLBOmaha, Lincoln and Beatrice
9.2%
WICTWisconsin & Calumet
9.2%
CFWRCaney Fork & Western
8.5%
LMLitchfield and Madison
8.5%
NEKMNortheast Kansas & Missouri
8.5%
SISpokane International
8.5%
GRRGeorgetown RR
7.7%
CIRRChattahoochee Industrial
7%
NOKLNorthwestern Oklahoma
7%
SRNSabine River & Northern
7%
SSAMSault Ste. Marie Bridge Co
7%
WLOWaterloo R.R
7%
BCEBritish Columbia Hydro and Power Authority
6.3%
KRRKiamichi RR
6.3%
MNNRMinnesota Commercial
6.3%
SSSand Springs Ry
6.3%
UMPUpper Merion and Plymouth
6.3%
BVSBevier & Southern
5.6%
CKRYCentral Kansas Railway
5.6%
GCWGarden City Western
5.6%
HSHartford & Slocomb
5.6%
MDWMinnesota, Dakota & Western
5.6%
SJGISt. Joseph & Grand Island
5.6%
WWVWalla Walla Valley
5.6%
CMNWChicago, Missouri & Western
4.9%
JSRCJackson and Southern
4.9%
SRSouthrail Corp
4.9%
TOETexas, Oklahoma & Eastern
4.9%
WGRWillamina & Grand Ronde
4.9%
TFMTFM, S.A. de C.V
3.5%
CTRNCentral of Tennessee Ry. & Navigation Co
2.1%

You're not logged in!

Compare scores with friends on all Sporcle quizzes.
Join for Free
OR
Log In

You Might Also Like...

Show Comments

Extras

Top Quizzes Today


Score Distribution

Your Account Isn't Verified!

In order to create a playlist on Sporcle, you need to verify the email address you used during registration. Go to your Sporcle Settings to finish the process.

Report this User

Report this user for behavior that violates our Community Guidelines.

Details: